| 000 | 00000nas##2200000za#4500 |
|---|---|
| 001 | 9.500900 |
| 003 | CaOODSP |
| 005 | 20200421163017 |
| 007 | cr ||||||||||| |
| 008 | 150406c2001||||xxc|| m o||||f| |0fre|d |
| 040 | |aCaOODSP|bfre |
| 043 | |an-cn--- |
| 086 | 1 |aNH18-22-1F-PDF |
| 110 | 2 |aSociété canadienne d'hypothèques et de logement. |
| 245 | 13|aLe point en recherche et développement; série technique |h[ressource électronique] |
| 260 | |aOttawa - Ontario : |bSociété canadienne d'hypothèques et de logement |
| 775 | 08|tResearch and development highlights; technical series |w(CaOODSP)9.504481 |